Best Colleges in New York State - Statistics

General Stats
  • This quiz has been taken 132 times
  • The average score is 9 of 13
Answer Stats
Description Location Name % Correct
National Universities, #35 New York, NY New York University
96%
National Universities, #12 Ithaca, NY Cornell University
95%
National Universities, #12 New York, NY Columbia University
93%
National Universities, #67 Syracuse, NY Syracuse University
91%
National Universities, #58 Stony Brook, NY Stony Brook University
88%
National Universities, #47 Rochester, NY University of Rochester
87%
Liberal Arts Colleges, #8 West Point, NY United States Military Academy
80%
Liberal Arts Colleges, #16 Clinton, NY Hamilton College
52%
Liberal Arts Colleges, #16 Poughkeepsie, NY Vassar College
48%
Liberal Arts Colleges, #21 Hamilton, NY Colgate University
43%
National Universities, #60 Troy, NY Rensselaer Polytechnic Institute
34%
Liberal Arts Colleges, #38 Saratoga Springs, NY Skidmore College
29%
Liberal Arts Colleges, #11 New York, NY Barnard College
28%
No matching quizzes found
Score Distribution
Percent of People with Each Score
Percentile by Number Answered
Your Score History
You have not taken this quiz